Medical mathematics and dosage calculations for veterinary professionals / (Record no. 20674)
[ view plain ]
| 000 -LEADER | |
|---|---|
| fixed length control field | 01342cam a22002655a 4500 |
| 001 - CONTROL NUMBER | |
| control field | 015432075 |
| 003 - CONTROL NUMBER IDENTIFIER | |
| control field | OSt |
| 005 - DATE AND TIME OF LATEST TRANSACTION | |
| control field | 20151111125601.0 |
| 008 - FIXED-LENGTH DATA ELEMENTS--GENERAL INFORMATION | |
| fixed length control field | 090129s2009 iaua frf 001 0 eng d |
| 020 ## - INTERNATIONAL STANDARD BOOK NUMBER | |
| International Standard Book Number | 9780813823638 (pbk.) |
| 020 ## - INTERNATIONAL STANDARD BOOK NUMBER | |
| International Standard Book Number | 0813823633 (pbk.) |
| 040 ## - CATALOGING SOURCE | |
| Original cataloging agency | DNLM/DLC |
| Transcribing agency | DLC |
| Modifying agency | NLM |
| -- | BTCTA |
| -- | YDXCP |
| -- | C#P |
| -- | CDX |
| -- | DLC |
| -- | Uk |
| -- | EG-ScBUE |
| Language of cataloging | eng |
| 082 04 - DEWEY DECIMAL CLASSIFICATION NUMBER | |
| Classification number | 636.089514 |
| Edition number | 22 |
| Item number | BIL |
| 100 1# - MAIN ENTRY--PERSONAL NAME | |
| Personal name | Bill, Robert. |
| 9 (RLIN) | 38721 |
| 245 10 - TITLE STATEMENT | |
| Title | Medical mathematics and dosage calculations for veterinary professionals / |
| Statement of responsibility, etc | Robert Bill. |
| 250 ## - EDITION STATEMENT | |
| Edition statement | 2nd ed. |
| 260 ## - PUBLICATION, DISTRIBUTION, ETC. (IMPRINT) | |
| Place of publication, distribution, etc | Ames : |
| Name of publisher, distributor, etc | Wiley-Blackwell, |
| Date of publication, distribution, etc | 2009. |
| 300 ## - PHYSICAL DESCRIPTION | |
| Extent | xvii, 426 p. : |
| Other physical details | ill. ; |
| Dimensions | 19 cm. |
| 500 ## - GENERAL NOTE | |
| General note | Index : p. 417-426. |
| 505 0# - FORMATTED CONTENTS NOTE | |
| Formatted contents note | Self-assessment -- Review of decimal numbers in medical math -- Fractions as they apply to medical math -- Percentages -- Solving for the unknown value X -- Dosage calculation and measurements used in veterinary medicine -- Understanding drug orders and drug labels -- Dose calculation and syringe measurements -- Calculating intravenous infusions -- Ratios, proportions, dilutions, and other calculations used by veterinary professionals. |
| 650 #0 - SUBJECT ADDED ENTRY--TOPICAL TERM | |
| Topical term or geographic name as entry element | Veterinary drugs |
| General subdivision | Dosage |
| Form subdivision | Handbooks, manuals, etc. |
| Source of heading or term | BUEsh |
| 650 #0 - SUBJECT ADDED ENTRY--TOPICAL TERM | |
| Topical term or geographic name as entry element | Veterinary medicine |
| General subdivision | Mathematics |
| Form subdivision | Handbooks, manuals, etc. |
| Source of heading or term | BUEsh |
| 653 ## - INDEX TERM--UNCONTROLLED | |
| Resource For college | Pharmacy |
| Arrived date list | August2015 |
| -- | November2015 |
| 942 ## - ADDED ENTRY ELEMENTS (KOHA) | |
| Source of classification or shelving scheme | Dewey Decimal Classification |
| Withdrawn status | Lost status | Source of classification or shelving scheme | Damaged status | Not for loan | Koha collection | Home library | Current library | Shelving location | Date acquired | Source of acquisition | Cost, normal purchase price | Serial Enumeration / chronology | Total Checkouts | Full call number | Barcode | Date last seen | Cost, replacement price | Koha item type |
|---|---|---|---|---|---|---|---|---|---|---|---|---|---|---|---|---|---|---|
| Dewey Decimal Classification | Baccah | Central Library | Central Library | First floor | 24/08/2015 | Purchase | 390.00 | 23317 | 636.089514 BIL | 000039708 | 15/07/2025 | 488.00 | Book - Borrowing |